[Event "GRE-chT 50th"]
[Site "Nikaia"]
[Date "2023.08.26"]
[Round "3.10"]
[White "Kiryttopoulos, Ioannis"]
[Black "Ilias, Nikolaos"]
[Result "1-0"]
[WhiteElo "1687"]
[BlackElo "1243"]
[PlyCount "53"]
[EventDate "2023.08.25"]
[EventType "team"]
[EventRounds "9"]
[EventCountry "GRE"]
[SourceTitle "EXT 2024"]
[Source "ChessBase"]
[SourceDate "2023.10.10"]
[SourceVersion "1"]
[SourceVersionDate "2023.10.10"]
[SourceQuality "1"]
[WhiteTeam "Evoiki ES"]
[BlackTeam "Piraikos"]
[WhiteTeamCountry "GRE"]
[BlackTeamCountry "GRE"]

1. e4 c5 2. Nf3 g6 3. Bc4 Nc6 4. 0-0 d6 5. d4 cxd4 6. Nxd4 Bg7 7. Be3 Nf6 8. Nc3 0-0 9. Nxc6 bxc6 10. Qd2 Bb7 11. Rad1 c5 12. Qe2 Qc7 13. f3 Rfd8 14. Qf2 Rac8 15. e5 dxe5 16. Nb5 Qa5 17. Bxc5 Rxd1 18. Rxd1 Ba6 19. b4 Qa4 20. Nxa7 Rxc5 21. Qxc5 Bxc4 22. Nc6 Qxc2 23. Nxe7+ Kf8 24. Nxg6+ Kg8 25. Qc8+ Ne8 26. Qxe8+ Bf8 27. Qxf8# 1-0

[Event "GRE-chT U16 14th"]
[Site "Rio Achaia"]
[Date "2022.12.17"]
[Round "5"]
[White "Tamiolakis, Grigorios"]
[Black "Ilias, Nikolaos"]
[Result "0-1"]
[WhiteElo "1152"]
[BlackElo "1223"]
[PlyCount "112"]
[EventDate "2022.12.15"]
[EventType "team-swiss"]
[EventRounds "6"]
[EventCountry "GRE"]
[SourceTitle "EXT 2024"]
[Source "ChessBase"]
[SourceDate "2023.10.10"]
[SourceVersion "1"]
[SourceVersionDate "2023.10.10"]
[SourceQuality "1"]

1. d4 Nf6 2. Nf3 d5 3. c4 e6 4. Bg5 Be7 5. Nc3 0-0 6. e3 h6 7. Bxf6 Bxf6 8. Bd3 c5 9. 0-0 cxd4 10. exd4 Nc6 11. cxd5 exd5 12. Bb5 a6 13. Bxc6 bxc6 14. Na4 Qa5 15. Nc5 Bg4 16. Nb3 Qb6 17. Rc1 Rfe8 18. h3 Bh5 19. g4 Bg6 20. Re1 Be4 21. Nfd2 Rad8 22. Nxe4 dxe4 23. Qc2 Bxd4 24. Nxd4 Qxd4 25. Qxc6 e3 26. Qc2 exf2+ 27. Qxf2 Qxf2+ 28. Kxf2 Rd2+ 29. Kf3 Rxe1 30. Rxe1 Rxb2 31. Re8+ Kh7 32. Re7 Kg6 33. Re2 Rxe2 34. Kxe2 a5 35. a4 Kf6 36. Kf2 Ke5 37. Ke3 Kd5 38. Kd3 Kc5 39. Kc3 g5 40. Kb3 Kd4 41. Ka2 Kc4 42. Ka3 Kc3 43. Ka2 Kb4 44. Kb2 Kxa4 45. Ka2 Kb4 46. Kb2 Kc4 47. Ka3 Kd3 48. Ka4 Ke3 49. Kxa5 Kf3 50. Kb6 Kg3 51. Kc6 Kxh3 52. Kd6 Kxg4 53. Ke5 h5 54. Ke4 h4 55. Ke3 Kg3 56. Ke2 Kg2 0-1

[Event "GRE-ch U10"]
[Site "Thessaloniki"]
[Date "2022.08.21"]
[Round "5"]
[White "Kiryttopoulos, Ioannis"]
[Black "Ilias, Nikolaos"]
[Result "1-0"]
[WhiteElo "1620"]
[BlackElo "1140"]
[PlyCount "83"]
[EventDate "2022.08.18"]
[EventType "swiss"]
[EventRounds "9"]
[EventCountry "GRE"]
[SourceTitle "EXT 2023"]
[Source "ChessBase"]
[SourceDate "2022.10.05"]
[SourceVersion "1"]
[SourceVersionDate "2022.10.05"]
[SourceQuality "1"]

1. e4 c5 2. Nf3 Nf6 3. Nc3 d5 4. exd5 Nxd5 5. Bc4 Nxc3 6. bxc3 Nc6 7. 0-0 Bg4 8. Bxf7+ Kxf7 9. Ng5+ Ke8 10. Qxg4 Qd5 11. d3 g6 12. c4 Qd4 13. Bf4 Ne5 14. Qg3 Nxd3 15. cxd3 Qd7 16. Rfe1 Rc8 17. Ne4 Bg7 18. Be5 Bxe5 19. Qxe5 Rf8 20. Nf6+ Rxf6 21. Qxf6 Kd8 22. Qf8+ Kc7 23. Qxe7 Qxe7 24. Rxe7+ Kb8 25. Rae1 a6 26. Re8 Rxe8 27. Rxe8+ Ka7 28. Re7 g5 29. a4 Kb6 30. a5+ Kxa5 31. Rxb7 Ka4 32. h4 g4 33. f4 gxf3 34. gxf3 a5 35. f4 h5 36. f5 Ka3 37. f6 a4 38. f7 Ka2 39. f8Q a3 40. Qf2+ Ka1 41. Qe1+ Ka2 42. Qb1# 1-0

[Event "GRE-ch U10"]
[Site "Thessaloniki"]
[Date "2022.08.19"]
[Round "2"]
[White "Ilias, Nikolaos"]
[Black "Oikonomopoulos, Filippos"]
[Result "1-0"]
[WhiteElo "1140"]
[BlackElo "1899"]
[PlyCount "93"]
[EventDate "2022.08.18"]
[EventType "swiss"]
[EventRounds "9"]
[EventCountry "GRE"]
[SourceTitle "EXT 2023"]
[Source "ChessBase"]
[SourceDate "2022.10.05"]
[SourceVersion "1"]
[SourceVersionDate "2022.10.05"]
[SourceQuality "1"]

1. d4 Nf6 2. c4 e6 3. Nc3 Bb4 4. Bd2 0-0 5. Nf3 c5 6. a3 Bxc3 7. Bxc3 Ne4 8. Qc2 Nxc3 9. Qxc3 cxd4 10. Nxd4 d5 11. cxd5 Qxd5 12. e3 e5 13. Nf3 Nc6 14. Bc4 Qd6 15. 0-0 Bg4 16. Be2 Rac8 17. Qd3 Qf6 18. Qe4 Qg6 19. Qxg6 hxg6 20. h3 Be6 21. b4 f6 22. Bd3 Kf7 23. Be4 Bc4 24. Rfc1 b5 25. Nd2 Ne7 26. Nxc4 bxc4 27. Rc3 f5 28. Bb7 Rc7 29. Ba6 Kf6 30. Rxc4 Rd7 31. Rac1 Rfd8 32. Rc7 e4 33. Bb5 Rxc7 34. Rxc7 a6 35. Bxa6 Ra8 36. b5 Ke6 37. a4 Kd6 38. Rb7 g5 39. a5 g6 40. b6 Nc6 41. Bb5 Rxa5 42. Bxc6 Kxc6 43. Rg7 Kxb6 44. Rxg6+ Kc5 45. Rxg5 Kd6 46. Kh2 Ke6 47. g4 1-0

[Event "GRE-ch U10"]
[Site "Thessaloniki"]
[Date "2022.08.19"]
[Round "3"]
[White "Skarlas, Vasileios"]
[Black "Ilias, Nikolaos"]
[Result "0-1"]
[WhiteElo "1242"]
[BlackElo "1140"]
[PlyCount "82"]
[EventDate "2022.08.18"]
[EventType "swiss"]
[EventRounds "9"]
[EventCountry "GRE"]
[SourceTitle "EXT 2023"]
[Source "ChessBase"]
[SourceDate "2022.10.05"]
[SourceVersion "1"]
[SourceVersionDate "2022.10.05"]
[SourceQuality "1"]

1. Nf3 c5 2. g3 g6 3. Bg2 Bg7 4. 0-0 Nc6 5. c4 d6 6. d3 e6 7. Nc3 Nge7 8. e3 0-0 9. a3 b6 10. Qc2 Bb7 11. Rd1 d5 12. b3 d4 13. exd4 cxd4 14. Ne2 a5 15. Bb2 Qd7 16. Nd2 Nf5 17. Nf4 Bh6 18. Ne4 Qe7 19. Bc1 Nd6 20. Nxg6 fxg6 21. Bxh6 Rf7 22. Bg5 Qf8 23. Nxd6 Qxd6 24. Bf4 e5 25. Bd5 exf4 26. Bxf7+ Kxf7 27. Qd2 fxg3 28. hxg3 Ne5 29. Qf4+ Kg7 30. Ra2 Rf8 31. Qc1 Nf3+ 32. Kg2 Nh4+ 33. Kh2 Qc6 34. f4 Nf3+ 35. Kh3 Qd7+ 36. Kg2 Qg4 37. Kf2 Nh2 38. Re2 Qf3+ 39. Ke1 Qf1+ 40. Kd2 Nf3+ 41. Kc2 Qxe2+ 0-1

[Event "GRE-ch Online Blitz op 1st"]
[Site "Tornelo INT"]
[Date "2021.02.07"]
[Round "6"]
[White "Alexandri, Dimitra"]
[Black "Ilias, Nikolaos"]
[Result "1-0"]
[WhiteElo "1102"]
[BlackElo "1366"]
[PlyCount "119"]
[EventDate "2021.02.07"]
[EventType "swiss (blitz)"]
[EventRounds "16"]
[EventCountry "GRE"]
[SourceTitle "EXT 2023"]
[Source "ChessBase"]
[SourceDate "2022.10.05"]
[SourceVersion "1"]
[SourceVersionDate "2022.10.05"]
[SourceQuality "1"]

1. d4 Nf6 2. c4 e6 3. Nc3 Bb4 4. Qc2 0-0 5. e4 d6 6. Nf3 Bxc3+ 7. bxc3 c5 8. Bg5 cxd4 9. cxd4 h6 10. Bh4 Nbd7 11. Be2 Qc7 12. 0-0 b5 13. Rac1 bxc4 14. Bxc4 d5 15. exd5 exd5 16. Be2 Qxc2 17. Rxc2 Bb7 18. Rfc1 Rac8 19. Bg3 Rxc2 20. Rxc2 Rc8 21. Rxc8+ Bxc8 22. Kf1 Nb6 23. Ne5 Bf5 24. Nc6 Bb1 25. Nxa7 Bxa2 26. Nb5 Bc4 27. Nc3 Bxe2+ 28. Kxe2 Nc4 29. h3 Kh7 30. Kd3 Kg6 31. f3 Kg5 32. Bh2 Nh5 33. Nxd5 Nd6 34. Ne3 Nf4+ 35. Kc3 Ne8 36. h4+ Kxh4 37. Bxf4 Nf6 38. Nf5+ Kh5 39. Bg3 Kg5 40. Ne3 Nd7 41. Kc4 Kf6 42. d5 Ke7 43. Kb5 Ke8 44. Kc6 Nf6 45. d6 Kd8 46. Nc4 Nd7 47. Ne5 Nxe5+ 48. Bxe5 f6 49. Bh2 g5 50. d7 h5 51. Bc7+ Ke7 52. d8Q+ Ke6 53. Qd6+ Kf5 54. Kd5 g4 55. Qe6+ Kg5 56. f4+ Kg6 57. f5+ Kg5 58. Bd8 h4 59. Bxf6+ Kf4 60. Qe5# 1-0

[Event "GRE-ch Online Blitz op 1st"]
[Site "Tornelo INT"]
[Date "2021.02.07"]
[Round "10"]
[White "Gkizis, Konstantinos"]
[Black "Ilias, Nikolaos"]
[Result "1-0"]
[WhiteElo "1030"]
[BlackElo "1366"]
[PlyCount "133"]
[EventDate "2021.02.07"]
[EventType "swiss (blitz)"]
[EventRounds "16"]
[EventCountry "GRE"]
[SourceTitle "EXT 2023"]
[Source "ChessBase"]
[SourceDate "2022.10.05"]
[SourceVersion "1"]
[SourceVersionDate "2022.10.05"]
[SourceQuality "1"]

1. e4 c5 2. Nf3 g6 3. Bc4 Nc6 4. d3 Bg7 5. Nc3 Nf6 6. Be3 0-0 7. Qd2 d6 8. Bh6 Bg4 9. Bxg7 Kxg7 10. Qe3 Bxf3 11. Qxf3 Nd4 12. Qd1 Qd7 13. Ne2 Nxe2 14. Qxe2 b5 15. Bb3 a5 16. a3 a4 17. Ba2 Rac8 18. e5 dxe5 19. Qxe5 Qd4 20. Qxd4 cxd4 21. Kd2 Rc7 22. Rac1 Rfc8 23. Rhe1 Ng4 24. h3 Nf6 25. Re5 Rb7 26. c3 dxc3+ 27. Rxc3 Rxc3 28. Kxc3 Nh5 29. Bd5 Rc7+ 30. Kd2 f6 31. Re3 Rc5 32. Bf3 Rc7 33. Bxh5 gxh5 34. Rg3+ Kh6 35. d4 Rd7 36. Rd3 Kg5 37. Kc3 Kf4 38. Kb4 Rb7 39. d5 Ke4 40. Rd1 Ke5 41. b3 axb3 42. Kxb3 Rd7 43. Kb4 Rxd5 44. Rxd5+ Kxd5 45. Kxb5 Kd6 46. Kb6 e5 47. a4 f5 48. a5 e4 49. a6 f4 50. a7 e3 51. fxe3 fxe3 52. a8Q e2 53. Qe8 e1Q 54. Qxe1 Kd5 55. Qh4 Ke6 56. Qxh5 Kf6 57. Qxh7 Kg5 58. h4+ Kf4 59. h5 Kg5 60. Qg6+ Kh4 61. g3+ Kh3 62. h6 Kg2 63. h7 Kg1 64. h8Q Kg2 65. Qc2+ Kg1 66. Qhh2+ Kf1 67. Qh1# 1-0

[Event "GRE-ch Online Blitz op 1st"]
[Site "Tornelo INT"]
[Date "2021.02.07"]
[Round "11"]
[White "Ilias, Nikolaos"]
[Black "Theodoroglakis, Ioannis"]
[Result "0-1"]
[WhiteElo "1366"]
[BlackElo "1058"]
[PlyCount "102"]
[EventDate "2021.02.07"]
[EventType "swiss (blitz)"]
[EventRounds "16"]
[EventCountry "GRE"]
[SourceTitle "EXT 2023"]
[Source "ChessBase"]
[SourceDate "2022.10.05"]
[SourceVersion "1"]
[SourceVersionDate "2022.10.05"]
[SourceQuality "1"]

1. d4 d5 2. c4 e6 3. Nc3 Nf6 4. cxd5 exd5 5. Bg5 Be7 6. Nf3 c6 7. Bxf6 Bxf6 8. e3 Nd7 9. Bd3 Nb6 10. 0-0 0-0 11. Bc2 Bg4 12. Qd3 g6 13. Qe2 Bg7 14. h3 Bxf3 15. Qxf3 Qf6 16. Qxf6 Bxf6 17. Rfd1 Rfe8 18. e4 dxe4 19. Nxe4 Bg7 20. a4 Rad8 21. a5 Nc4 22. b3 Nd6 23. Nc5 b6 24. axb6 axb6 25. Na6 Nb5 26. Nb4 c5 27. dxc5 Bxa1 28. Rxa1 bxc5 29. Nc6 Rc8 30. Ra6 Re6 31. Rb6 Nd4 32. Rb8 Rexc6 33. Rxc8+ Rxc8 34. Bd1 Rb8 35. f3 Nxb3 36. Bxb3 Rxb3 37. Kf2 c4 38. Ke2 Rb2+ 39. Kd1 Rxg2 40. Kc1 Kg7 41. Kd1 Kf6 42. Kc1 Ke5 43. Kd1 Kd4 44. Kc1 Kd3 45. f4 c3 46. f5 c2 47. fxg6 Rg1+ 48. Kb2 c1Q+ 49. Kb3 Qb1+ 50. Ka3 Kc3 51. gxh7 Qb3# 0-1

[Event "GRE-ch Online Blitz op 1st"]
[Site "Tornelo INT"]
[Date "2021.02.07"]
[Round "14"]
[White "Kalyvas, Georgios A"]
[Black "Ilias, Nikolaos"]
[Result "1-0"]
[WhiteElo "1094"]
[BlackElo "1366"]
[PlyCount "53"]
[EventDate "2021.02.07"]
[EventType "swiss (blitz)"]
[EventRounds "16"]
[EventCountry "GRE"]
[SourceTitle "EXT 2023"]
[Source "ChessBase"]
[SourceDate "2022.10.05"]
[SourceVersion "1"]
[SourceVersionDate "2022.10.05"]
[SourceQuality "1"]

1. e4 c5 2. Nf3 g6 3. c3 Nf6 4. d3 Nc6 5. Be2 d6 6. 0-0 Bg4 7. h3 Bxf3 8. Bxf3 Bg7 9. Be3 0-0 10. Qd2 Ne5 11. Be2 Rc8 12. f4 Nc6 13. Na3 Nd7 14. Nc2 e5 15. f5 Qe7 16. a3 Rfe8 17. b4 cxb4 18. axb4 a6 19. Bd1 Qd8 20. Na3 Qc7 21. Bb3 b5 22. fxg6 hxg6 23. Rxf7 Kh8 24. Bh6 Rg8 25. Bxg7+ Rxg7 26. Qh6+ Kg8 27. Qxg7# 1-0

[Event "GRE-ch Online Blitz op 1st"]
[Site "Tornelo INT"]
[Date "2021.02.07"]
[Round "4"]
[White "Merkouropoulos, Dionysios"]
[Black "Ilias, Nikolaos"]
[Result "1-0"]
[WhiteElo "1081"]
[BlackElo "1366"]
[PlyCount "105"]
[EventDate "2021.02.07"]
[EventType "swiss (blitz)"]
[EventRounds "16"]
[EventCountry "GRE"]
[SourceTitle "EXT 2023"]
[Source "ChessBase"]
[SourceDate "2022.10.05"]
[SourceVersion "1"]
[SourceVersionDate "2022.10.05"]
[SourceQuality "1"]

1. d4 d5 2. c4 e6 3. Nc3 Nf6 4. cxd5 exd5 5. Bg5 Bb4 6. e3 h6 7. Bxf6 Qxf6 8. a3 Bxc3+ 9. bxc3 Qc6 10. Qb3 Bd7 11. Nh3 a6 12. Nf4 Be6 13. Nxe6 Qxe6 14. Qxb7 Qc6 15. Qxc6+ Nxc6 16. Bd3 0-0 17. 0-0 Rfb8 18. Rab1 Rxb1 19. Rxb1 Na5 20. Kf1 g6 21. Ke2 Kg7 22. h4 h5 23. Kf3 Kf6 24. Kf4 Kg7 25. g4 Kh6 26. g5+ Kg7 27. Ke5 c6 28. Rb6 Re8+ 29. Kf4 f6 30. Rxa6 Nb3 31. gxf6+ Kxf6 32. Rxc6+ Kg7 33. Rxg6+ Kf7 34. Kg5 Nd2 35. Kxh5 Rh8+ 36. Kg4 Ne4 37. Bxe4 dxe4 38. Ra6 Rc8 39. Ra7+ Kf8 40. h5 Rxc3 41. h6 Kg8 42. h7+ Kh8 43. Kg5 Rc8 44. d5 Rd8 45. Kg6 Rd6+ 46. Kf7 Rxd5 47. Ke6 Rd2 48. Kf6 Rxf2+ 49. Kg5 Rf3 50. Kg4 Rxe3 51. Kg5 Rf3 52. Kh6 Rf8 53. Re7 1-0

[Event "GRE-ch Online Rapid op 1st"]
[Site "Tornelo INT"]
[Date "2021.02.06"]
[Round "8"]
[White "Agrafiotis, Ioannis Stylianos"]
[Black "Ilias, Nikolaos"]
[Result "1-0"]
[WhiteElo "1266"]
[BlackElo "1127"]
[PlyCount "59"]
[EventDate "2021.02.06"]
[EventType "swiss (rapid)"]
[EventRounds "8"]
[EventCountry "GRE"]
[SourceTitle "EXT 2023"]
[Source "ChessBase"]
[SourceDate "2022.10.05"]
[SourceVersion "1"]
[SourceVersionDate "2022.10.05"]
[SourceQuality "1"]

1. e4 c5 2. Nf3 g6 3. Bc4 Nc6 4. 0-0 Bg7 5. d3 Nf6 6. h3 d6 7. Nc3 0-0 8. Bg5 a6 9. Qd2 b5 10. Bd5 Nxd5 11. Nxd5 Bxb2 12. Rab1 Bg7 13. Rfe1 Be6 14. a3 Bxd5 15. exd5 Nd4 16. Qd1 Nxf3+ 17. Qxf3 f6 18. Bd2 Qd7 19. Re2 Rfe8 20. Ba5 e6 21. dxe6 Rxe6 22. Qxa8+ Kf7 23. Rbe1 Rxe2 24. Rxe2 f5 25. Qd5+ Kf8 26. Bd2 Qc7 27. Bf4 Be5 28. Bxe5 dxe5 29. Qxe5 Qg7 30. Qe8# 1-0